Click the American Battles on a Map - Statistics

General Stats
  • This quiz has been taken 42 times
  • The average score is 8 of 35
Answers on the Map
Answers color-coded by a green-red scale on the quiz's map according to % correct below.
 
Answer Stats
Answer % Correct
Attack on Pearl Harbor
82%
Battle of Long Island
61%
Battle of New Orleans
58%
Battle of the Alamo
53%
Battle of Trenton
53%
Battle of Fort Sumter
42%
Battle of Missionary Ridge (Chattanooga)
39%
Battle of Gettysburg
37%
Siege of Savannah
37%
Battle of Bunker Hill
32%
Siege of Yorktown
29%
Battle of Fredericksburg
24%
John Brown's Raid on Harpers Ferry
24%
Battle of Chancellorsville
21%
Battle of the Little Bighorn
21%
Battle of Lake Erie
18%
Battle of Lexington (1775)
18%
First Battle of Bull Run
18%
Battle of Midway
13%
Capture of Fort Ticonderoga
13%
Siege of Vicksburg
13%
Battle of Antietam
11%
Battle of Appomattox Court House
8%
Battle of Chickamauga
8%
Battles of Saratoga
8%
Battle of Glorieta Pass
5%
Battle of Spotsylvania Court House
5%
Battle of Sullivan's Island
5%
Battle of Wake Island
5%
Battle of Guam
3%
Battle of Jumonville Glen
3%
Battle of Pea Ridge
3%
Battle of Saipan
3%
Battle of Shiloh
3%
Battle of Wilson's Creek
3%
No matching quizzes found
Score Distribution
Percent of People with Each Score
Percentile by Number Answered
Your Score History
You have not taken this quiz